000 00807nam a2200253 a 4500
999 _c12662
_d12662
001 12662
003 BD-JhCC
005 20221102102214.0
008 221102s20132021bg |||| ||a| 000 0 ben d
020 _a9847012002745
035 _a(BD-JhCC)12662
040 _aBD-JhCC
_dBD-JhCC
041 _aben
082 _a920
_bZAM 2021
100 _aজামান, মনির
245 _aকার্ল মার্কস /
_cমনির জামান
260 _aঢাকা :
_bকথা প্রকাশ,
_c২০২১
300 _a৭২ পৃ. :
_c২২ সেমি.
490 _aজীবনী গ্রন্থমালা
504 _aগ্রন্থপঞ্জি অন্তর্ভূক্ত।
600 _aMarx, Karl
650 _aBiography
942 _2ddc
_cBK